Football : liste équipe de France coupe du monde 1998 - Statistiques

Statistiques générales
  • Ce quiz a été pris 103 fois
  • Le résultat moyen est 17 sur 22
Statistiques - réponses
Club Poste Joueur % Correct
Juventus Milieu offensif Zidane
100%
As Monaco Gardien Barthez
99%
Bayern Munich Latéral gauche Lizarazu
96%
Juventus Milieu Deschamps
95%
Arsenal Milieu Petit
95%
Parme Latéral droit Thuram
95%
As Monaco Ailier Henry
94%
OM Défenseur central Blanc
92%
As Monaco Attaquant de pointe Trézéguet
82%
Inter Milan Milieu offensif Djorkaeff
81%
Arsenal Milieu défensif Vieira
81%
West Ham Gardien Lama
78%
FC Metz Milieu gauche Pires
72%
Chelsea Défenseur central Leboeuf
71%
OM Ailier Dugarry
70%
Auxerre Attaquant de pointe Guivarch
70%
Real Madrid Milieu Karembeu
67%
Sampdoria Milieu Boghossian
52%
As Roma Latéral gauche Candela
52%
AC Milan Défenseur central Dessaily
51%
Auxerre Gardien Charbonnier
49%
Auxerre Ailier/Milieu Diomede
44%
Aucun quiz correspondant
Distribution des résultats
% des personnes avec chaque résultat
Percentile par nombre de réponses
Votre historique - résultats
Vous n’avez pas pris ce quiz